| 000 | 00483nam a2200193 a 4500 | ||
|---|---|---|---|
| 001 | 1777706073907 | ||
| 003 | YourLibrary | ||
| 005 | 20260502124731.0 | ||
| 008 | 260502s2005##################000#0#eng## | ||
| 020 | _a9781579906122 | ||
| 082 | 0 | 4 |
_a391.7 _bSIM |
| 100 | 1 |
_aVan, Marthe Le, _eauthor. |
|
| 245 | 1 | 0 | _a500 Brooches : |
| 260 |
_bLark Books, _c2005. |
||
| 300 | _a368 pages | ||
| 650 | 0 | _aCrafts & Hobbies. | |
| 942 | _cENGLISH | ||
| 040 |
_aYourLibrary _beng _cYourLibrary |
||
| 999 |
_c621790 _d621790 |
||